000 00751nam a22002651c 4500
001 a987665783
008 100419s1971 gw |||| 000u rus d
041 _arus
100 1 _aLenin, Valdimir I.
245 0 0 _aV. I. Lenin i KPSS o socialističeskom preobrazovanii sel'skogo chozjajstva
246 1 0 _aLenin i KPSS o socialističeskom preobrazovanii sel'skogo chozjajstva
264 _aMoskva :
_bPolitizdat,
_c1971
300 _a645 S.
650 0 _aMarxismus-Leninismus
650 0 _aLandwirtschaft
650 0 _aBauern
650 0 _aKolchose
650 0 _aKollektivierung
650 0 _aKulaken
655 0 _aQuellenedition
700 1 _aGolikov, V. A.
_eHerausgeberIn
942 _cMG
040 _cRU-10907106
003 RU-10907106
999 _c19951
_d19951